|
|
|
|
| LEADER |
00000nam0a2200000 4500 |
| 001 |
234028 |
| 005 |
20231101231304.0 |
| 010 |
|
|
|a 9785769546761
|
| 035 |
|
|
|a (RuTPU)RU\TPU\book\255113
|
| 090 |
|
|
|a 234028
|
| 100 |
|
|
|a 20130315d2012 m y0rusy50 ca
|
| 101 |
0 |
|
|a rus
|
| 102 |
|
|
|a RU
|
| 105 |
|
|
|a a j 001zy
|
| 200 |
1 |
|
|a Экономико-математические методы и модели в логистике. Процедуры оптимизации
|e учебник для вузов
|f Г. Л. Бродецкий, Д. А. Гусев
|
| 210 |
|
|
|a Москва
|c Академия
|d 2012
|
| 215 |
|
|
|a 285 с.
|c ил.
|
| 225 |
1 |
|
|a Высшее профессиональное образование. Бакалавриат
|
| 320 |
|
|
|a Библиогр.: с. 281-282.
|
| 330 |
|
|
|a Учебник создан в соответствии с требованиями Федерального государственного образовательного стандарта по направлению подготовки «Менеджмент» (квалификация «бакалавр»). Подробно рассмотрены процедуры оптимизации цепей поставок на основе методов математической теории управления запасами, методов и моделей теории графов, методов решения транспортной задачи, методов оптимизации потоков в сетях, оптимизации сетевых графиков проектов. Даны основы метода имитационного моделирования. Для студентов учреждений высшего профессионального образования, обучающихся по экономическим специальностям. Может быть полезен слушателям системы последипломного образования и широкому кругу специалистов, обслуживающих логистические системы.
|
| 606 |
1 |
|
|a Логистика
|x Логистические стратегии
|2 stltpush
|3 (RuTPU)RU\TPU\subj\36364
|9 57772
|
| 606 |
1 |
|
|a Экономико-математические методы и модели
|2 stltpush
|3 (RuTPU)RU\TPU\subj\26568
|9 50466
|
| 610 |
1 |
|
|a запасы
|
| 610 |
1 |
|
|a управление
|
| 610 |
1 |
|
|a модели
|
| 610 |
1 |
|
|a временная стоимость
|
| 610 |
1 |
|
|a неопределенность
|
| 610 |
1 |
|
|a убытки
|
| 610 |
1 |
|
|a задачи
|
| 610 |
1 |
|
|a решение
|
| 610 |
1 |
|
|a Excel
|
| 610 |
1 |
|
|a графы
|
| 610 |
1 |
|
|a экстремальные задачи
|
| 610 |
1 |
|
|a поставки
|
| 610 |
1 |
|
|a цепи
|
| 610 |
1 |
|
|a транспортные задачи
|
| 610 |
1 |
|
|a сетевые графики
|
| 610 |
1 |
|
|a сетевые методы
|
| 610 |
1 |
|
|a учебники
|
| 610 |
1 |
|
|a имитационное моделирование
|
| 686 |
|
|
|a У9(2)40я73
|v LBC/SL-A
|2 rubbk
|
| 686 |
|
|
|a Ув631я73
|v LBC/SL-A
|2 rubbk
|
| 700 |
|
1 |
|a Бродецкий
|b Г. Л.
|g Геннадий Леонидович
|
| 701 |
|
1 |
|a Гусев
|b Д. А.
|g Денис Александрович
|
| 801 |
|
1 |
|a RU
|b 63413507
|c 20130315
|
| 801 |
|
2 |
|a RU
|b 63413507
|c 20220826
|g RCR
|
| 900 |
|
|
|a Экономико-математические методы и модели
|
| 942 |
|
|
|c BK
|
| 955 |
|
|
|b 080200
|l 8.1
|
| 959 |
|
|
|a 53/20130315
|d 2
|e 463,10
|f ЧЗГЛ:1
|f АНЛ:1
|